Historias de bandidos

সংরক্ষণ করুন:
গ্রন্থ-পঞ্জীর বিবরন
প্রধান লেখক: Maluenda Labarca, Rafael (autor)
বিন্যাস: গ্রন্থ
ভাষা:স্প্যানিশ
প্রকাশিত: Santiago Zig-Zag 1961
মালা:Los Grandes de la Literatura Chilena, 31
বিষয়গুলি:
ট্যাগগুলো: ট্যাগ যুক্ত করুন
কোনো ট্যাগ নেই, প্রথমজন হিসাবে ট্যাগ করুন!

MARC

LEADER 00000nam a2200000 a 4500
001 UCQ2351
003 CL-VaPUC
008 980724e19610000CL |||||||||||||||||spa|d
082 0 4 |a Ch863  |b MAL  |2 21 
100 |a Maluenda Labarca, Rafael  |e autor  |9 571881 
245 1 0 |a Historias de bandidos 
300 |a 132 p 
942 |c BK 
945 |d 19980724 00:00:00  |a lriquelm 
260 |a Santiago  |b Zig-Zag  |c 1961 
650 0 |a Cuentos chilenos   |9 308280 
650 0 |a Literatura chilena   |9 308278 
583 |a last modification  |c 19980724 00:00:00  |k Rodrigo Vera 
490 0 |a Los Grandes de la Literatura Chilena, 31 
999 |c 273182  |d 273180 
952 |0 0  |1 0  |4 0  |6 CH_863_000000000000000_MAL_1961  |7 0  |8 A  |9 308551  |a BIBEDU  |b BIBEDU  |d 2019-11-20  |i 1447327  |o Ch863 MAL 1961  |p 1447327  |r 2019-11-20  |w 2019-11-20  |y BK  |k LIT